Statistiques concernant Dans quel club n’a pas joué ce footballeur ? #2

Cliquez ici pour prendre le quiz!

Statistiques générales

  • Ce quiz a été pris 142 fois
  • Le résultat moyen est 10 sur 12

Statistiques - réponses

QuestionRéponse% Correct
Lionel Messi
100%
Cristiano Ronaldo
99%
Zlatan Ibrahimović
98%
Thierry Henry
97%
Romelu Lukaku
95%
Zinédine Zidane
93%
Thibaut Courtois
92%
Mohamed Salah
81%
Kevin De Bruyne
78%
Sergio Agüero
66%
Philippe Coutinho
66%
Emre Can
54%

Distribution des résultats

Percentile par nombre de réponses

% des personnes avec chaque résultat

Votre développement - résultats

Vous n’avez pas pris ce quiz